000 00620nam a2200241Ia 4500
003 OSt
005 20221005125501.0
006 a|||||r|||| 00| 0
007 ta
008 221004b |||||||| |||| 00| 0 eng d
024 _a61863
037 _cTextual
040 _aCRL
_cCRL
_beng
041 _2eng
_aeng
082 _aS:7, J79
100 _aJayaswal Sita Ram
_9294864
245 0 _aPersonality
_b In the light of westarn and Indian psychologies
260 _c1957
300 _avp.
_ccm.
650 _aPSYCHOLOGY
942 _hS:7, J79
_cTEXL
_2cc
999 _c1054154
_d1054154